00908nam a22002297a 4500003000500000005001700005008004100022010001000063011001000073035001100083040000900094100003200103245017200135260004000307300003700347502010400384530003600488650003500524650002800559650002700587856006400614CHAP20220329143338.0081020s2008 mx a r 00010 spa d a95265 a96237 a106884 cCHAP1 aSánchez Santiago, Hermes.10aProyecto de inversión para la engorda estabulada de novillos con un manejo agrosilvopastoril en Rancho Nuevo, San Juan Lachao, Oaxacac/por Hermes Sánchez Santiago aChapingo, Méx. :bEl autor,c2008 avii, 123 h. :bcuadros, gráfs. aTesis (Ing. Agr. Esp. en zonas Tropicales) - UACH. Dirección de Centros Regionales Universitarios aTambién disponible en línea04aGanado vacunoxAlimentación.04aGanado vacunoxEngorda.04aGanado vacunoxOaxaca. 3Finding aiduhttp://10.13.5.2/tesis/106884.pdfzTeclea aqui